000 01114nam a2200241 a 4500
001 40163
003 BD-RjUL
005 20211209053142.0
008 170502r19961988bg a||| b||| 001 0dben d
020 _a9840733621
_c: Tk. 60.00
035 _a(BD-RjUL)40278
040 _aBD-RjUL
_bben
_cBD-RjUL
041 _aben
082 _223
_a891.44092
_bCHK 1996
100 1 _aচৌধুরী, আবুল আহসান
_9123660
245 1 0 _aকাঙাল হরিনাথ মজুমদার :
_b১৮৩৩-১৮৯৬ /
_cআবুল আহসান চৌধুরী
260 _aঢাকা :
_bবাংলা একাডেমী,
_c১৯৮৮ [পুনর্মুদ্রণ ১৯৯৬]
300 _a[১২] ১২৭ পৃ. :
_bচিত্র. ;
_c২৫ সেমি.
504 _aগ্রন্থপঞ্জি ও নির্ঘন্ট সংযুক্ত
600 _aমজুমদার, কাঙাল হরিনাথ
_d১৮৩৩-১৮৯৬
_xজীবনী
_9211014
600 _aMajumdar, Kangal Harinath
_d1833-1896
_xBiography
_9211015
942 _2ddc
_cBK
999 _c40163
_d40163